[Event "CZE-chT2D 1718"]
[Site "Czech Republic"]
[Date "2018.02.25"]
[Round "9.5"]
[White "Cerha, Michal"]
[Black "Reznicek, Jan"]
[Result "1-0"]
[WhiteElo "2048"]
[BlackElo "2161"]
[PlyCount "97"]
[EventDate "2017.10.15"]
[EventType "team-tourn"]
[EventRounds "11"]
[EventCountry "CZE"]
[SourceTitle "EXT 2022"]
[Source "ChessBase"]
[SourceDate "2021.10.06"]
[SourceVersion "1"]
[SourceVersionDate "2021.10.06"]
[SourceQuality "1"]
[WhiteTeam "Nachod"]
[BlackTeam "Pardubice Eurobit"]
[WhiteTeamCountry "CZE"]
[BlackTeamCountry "CZE"]

1. e4 g6 2. d4 c6 3. Nc3 Bg7 4. Be3 d6 5. Qd2 b5 6. Bd3 a6 7. Nf3 Bg4 8. h3 Bxf3 9. gxf3 Nd7 10. Ne2 Nb6 11. b3 Qc7 12. Rc1 Nd7 13. c4 Qb7 14. 0-0 b4 15. f4 e6 16. f5 e5 17. f4 exd4 18. Nxd4 Ngf6 19. Nf3 gxf5 20. e5 dxe5 21. Bxf5 e4 22. Ng5 0-0 23. Nxe4 Nxe4 24. Qxd7 Qxd7 25. Bxd7 Rad8 26. Bxc6 Nc3 27. Rc2 Rd3 28. Bf2 Rfd8 29. Re1 Rd1 30. Kg2 Rxe1 31. Bxe1 Rd1 32. Bxc3 Bxc3 33. Kf3 Kg7 34. Ke4 Kf6 35. Rg2 h6 36. Rg8 Rd4+ 37. Ke3 Rd2 38. Ra8 Rxa2 39. Ba4 Rh2 40. Rxa6+ Kg7 41. c5 Rxh3+ 42. Ke4 Rh5 43. f5 Rh4+ 44. Kd5 Rf4 45. Bd7 Rd4+ 46. Kc6 Kf6 47. Kb7+ Ke7 48. f6+ Kd8 49. Bb5 1-0

[Event "CZE-chT2D 1415"]
[Site "Czech Republic"]
[Date "2014.12.14"]
[Round "4.4"]
[White "Reznicek, Jan"]
[Black "Mares, Jan"]
[Result "1/2-1/2"]
[WhiteElo "2175"]
[BlackElo "1962"]
[PlyCount "72"]
[EventDate "2014.11.02"]
[EventType "team-tourn"]
[EventRounds "11"]
[EventCountry "CZE"]
[SourceTitle "EXT 2022"]
[Source "ChessBase"]
[SourceDate "2021.10.06"]
[SourceVersion "1"]
[SourceVersionDate "2021.10.06"]
[SourceQuality "1"]
[WhiteTeam "Pardubice AKIS"]
[BlackTeam "Usti nad Orlici"]
[WhiteTeamCountry "CZE"]
[BlackTeamCountry "CZE"]

1. Nf3 Nf6 2. c4 g6 3. Nc3 Bg7 4. e4 d6 5. d4 0-0 6. h3 c5 7. Be3 cxd4 8. Nxd4 Nc6 9. Be2 Bd7 10. 0-0 Nxd4 11. Bxd4 Bc6 12. Bf3 e6 13. Qd2 Qe7 14. Rad1 Rfd8 15. Rfe1 Ne8 16. Be3 Nc7 17. Bg5 Bf6 18. Bf4 e5 19. Be3 Ne6 20. g3 Bg5 21. Bxg5 Qxg5 22. Qxg5 Nxg5 23. Bg2 Ne6 24. Rd2 Kf8 25. Red1 Ke7 26. h4 Nd4 27. Ne2 Nxe2+ 28. Rxe2 b6 29. Re3 Rac8 30. Rc1 Bd7 31. Rec3 Rc7 32. Bf3 Rdc8 33. Be2 Be6 34. a3 f6 35. Kg2 Bd7 36. Kf3 Be6 1/2-1/2

[Event "CZE-chT2D 1415"]
[Site "Czech Republic"]
[Date "2014.11.30"]
[Round "3.3"]
[White "Reznicek, Jan"]
[Black "Fisar, Josef"]
[Result "1/2-1/2"]
[WhiteElo "2175"]
[BlackElo "2066"]
[PlyCount "29"]
[EventDate "2014.11.02"]
[EventType "team-tourn"]
[EventRounds "11"]
[EventCountry "CZE"]
[SourceTitle "EXT 2022"]
[Source "ChessBase"]
[SourceDate "2021.10.06"]
[SourceVersion "1"]
[SourceVersionDate "2021.10.06"]
[SourceQuality "1"]
[WhiteTeam "Pardubice AKIS"]
[BlackTeam "Zdar nad Sazavou"]
[WhiteTeamCountry "CZE"]
[BlackTeamCountry "CZE"]

1. Nf3 d5 2. c4 e6 3. g3 c6 4. Qc2 Nf6 5. Bg2 Be7 6. d4 0-0 7. Nbd2 Nbd7 8. 0-0 Qa5 9. a3 c5 10. e4 dxe4 11. Nxe4 cxd4 12. Nxd4 Nxe4 13. Qxe4 Bf6 14. b4 Qh5 15. Ra2 1/2-1/2

[Event "CZE-chT2D 1213"]
[Site "Czech Republic"]
[Date "2012.10.14"]
[Round "1.6"]
[White "Stepan, Michal"]
[Black "Reznicek, Jan"]
[Result "0-1"]
[WhiteElo "2086"]
[BlackElo "2171"]
[PlyCount "60"]
[EventDate "2012.10.14"]
[EventType "team-tourn"]
[EventRounds "11"]
[EventCountry "CZE"]
[SourceTitle "EXT 2016"]
[Source "ChessBase"]
[SourceDate "2015.10.08"]
[SourceVersion "1"]
[SourceVersionDate "2015.10.08"]
[SourceQuality "1"]
[WhiteTeam "Nachod"]
[BlackTeam "Vysoke Myto"]
[WhiteTeamCountry "CZE"]
[BlackTeamCountry "CZE"]

1. e4 g6 2. d4 Bg7 3. Nf3 d6 4. Nc3 Nf6 5. Bc4 c6 6. Qe2 0-0 7. e5 dxe5 8. dxe5 Nd5 9. Bd2 Bg4 10. h3 Bxf3 11. gxf3 e6 12. h4 Nd7 13. f4 Nxc3 14. Bxc3 Nb6 15. Rd1 Qe7 16. Rd6 Rfd8 17. Bb4 Nd5 18. Bxd5 cxd5 19. h5 Rxd6 20. Bxd6 Qd7 21. Qg4 Qa4 22. Qh4 h6 23. hxg6 fxg6 24. Rg1 Qxc2 25. Qg4 Kh7 26. Kf1 Qf5 27. Qd1 Rc8 28. Rg3 Qxf4 29. Qd3 Qc4 30. Kg2 Qxd3 0-1

[Event "CZE-chT2D 1011"]
[Site "Czech Republic"]
[Date "2010.11.21"]
[Round "3"]
[White "Reznicek, Jan"]
[Black "Bartosova, Lucie"]
[Result "1-0"]
[WhiteElo "2185"]
[BlackElo "1961"]
[PlyCount "105"]
[EventDate "2010.10.17"]
[EventType "team-tourn"]
[EventRounds "11"]
[EventCountry "CZE"]
[SourceTitle "EXT 2012"]
[Source "ChessBase"]
[SourceDate "2011.11.24"]
[SourceVersion "1"]
[SourceVersionDate "2011.11.24"]
[SourceQuality "1"]
[WhiteTeam "Vysoke Myto"]
[BlackTeam "Litomysl"]
[WhiteTeamCountry "CZE"]
[BlackTeamCountry "CZE"]

1. Nf3 Nf6 2. g3 d5 3. Bg2 Nbd7 4. d4 g6 5. c4 c6 6. cxd5 cxd5 7. Nc3 Bg7 8. 0-0 0-0 9. Bf4 a6 10. Rc1 b5 11. Qb3 e6 12. Rfd1 Qb6 13. Ne5 Bb7 14. a3 Rac8 15. Ra1 Nxe5 16. Bxe5 Rc4 17. e3 Rfc8 18. Bf1 R4c6 19. a4 bxa4 20. Qxb6 Rxb6 21. Nxa4 Rb4 22. Bd6 Rb3 23. Nc5 Rxb2 24. Nxb7 Rxb7 25. Bxa6 Rbc7 26. Bxc8 Rxc8 27. Rdc1 Rd8 28. Be7 Rb8 29. Bxf6 Bxf6 30. Ra7 Rf8 31. Rca1 Kg7 32. Ra8 Bd8 33. R1a7 Kg8 34. Rd7 Bf6 35. Rxf8+ Kxf8 36. Kf1 Be7 37. Ke2 Ke8 38. Ra7 Kf8 39. f3 Bf6 40. Kd3 Be7 41. e4 dxe4+ 42. fxe4 Ke8 43. g4 h6 44. h3 Bh4 45. d5 Bf2 46. Rb7 Bc5 47. Kc4 Bd6 48. Kb5 exd5 49. exd5 f5 50. gxf5 gxf5 51. Kc6 Be5 52. d6 Bf6 53. Kd5 1-0

[Event "CZE-chT2D 1011"]
[Site "Czech Republic"]
[Date "2010.10.17"]
[Round "1"]
[White "Vincze, Roman"]
[Black "Reznicek, Jan"]
[Result "1/2-1/2"]
[WhiteElo "2077"]
[BlackElo "2185"]
[PlyCount "42"]
[EventDate "2010.10.17"]
[EventType "team-tourn"]
[EventRounds "11"]
[EventCountry "CZE"]
[SourceTitle "EXT 2012"]
[Source "ChessBase"]
[SourceDate "2011.11.24"]
[SourceVersion "1"]
[SourceVersionDate "2011.11.24"]
[SourceQuality "1"]
[WhiteTeam "Bedrichov"]
[BlackTeam "Vysoke Myto"]
[WhiteTeamCountry "CZE"]
[BlackTeamCountry "CZE"]

1. d4 Nf6 2. Bg5 e6 3. e3 Be7 4. Nf3 b6 5. Be2 Bb7 6. 0-0 0-0 7. c4 Ne4 8. Bxe7 Qxe7 9. Nbd2 d6 10. Qc2 Nxd2 11. Nxd2 Nd7 12. Bf3 Bxf3 13. Nxf3 Nf6 14. Rac1 c5 15. Rfd1 Rfd8 16. dxc5 dxc5 17. Ne5 Qc7 18. Rxd8+ Rxd8 19. Rd1 Rd6 20. Kf1 h6 21. Nf3 Qd7 1/2-1/2

[Event "CZE-chT1E 0910"]
[Site "Czech Republic"]
[Date "2010.02.07"]
[Round "8.4"]
[White "Pecha, Tomas"]
[Black "Reznicek, Jan"]
[Result "1/2-1/2"]
[WhiteElo "2241"]
[BlackElo "2198"]
[PlyCount "80"]
[EventDate "2009.11.15"]
[EventType "team-tourn"]
[EventRounds "11"]
[EventCountry "CZE"]
[SourceTitle "EXT 2011"]
[Source "ChessBase"]
[SourceDate "2010.11.26"]
[SourceVersion "1"]
[SourceVersionDate "2010.11.26"]
[SourceQuality "1"]
[WhiteTeam "Ostrava Mittal"]
[BlackTeam "Vysoke Myto"]
[WhiteTeamCountry "CZE"]
[BlackTeamCountry "CZE"]

1. e4 e6 2. d4 d5 3. Nc3 Bb4 4. e5 b6 5. Bb5+ c6 6. Bd3 Ba6 7. Bxa6 Nxa6 8. Qd3 Nb8 9. Qg3 Bf8 10. h4 h6 11. h5 Ne7 12. Nce2 c5 13. c3 Nbc6 14. a3 a5 15. Qf4 Qd7 16. Nf3 a4 17. Nh4 Na5 18. Rh3 Nec6 19. Rf3 Nb3 20. Rb1 Nd8 21. Rd3 Nc6 22. Rf3 Ra7 23. g4 Qd8 24. Ng2 b5 25. Be3 Rc7 26. Nc1 cxd4 27. cxd4 Nxc1 28. Rxc1 Na5 29. Bd2 Rxc1+ 30. Bxc1 Qc7 31. Bd2 Nc6 32. Kd1 b4 33. axb4 Nxb4 34. Bxb4 Bxb4 35. Qc1 Qxc1+ 36. Kxc1 Ke7 37. Ne3 f6 38. Nc2 Rb8 39. exf6+ gxf6 40. Rd3 Bd6 1/2-1/2

[Event "CZE-chT1E 0910"]
[Site "Czech Republic"]
[Date "2010.01.10"]
[Round "6.5"]
[White "Reznicek, Jan"]
[Black "Neoral, Antonin"]
[Result "1/2-1/2"]
[WhiteElo "2198"]
[BlackElo "2165"]
[PlyCount "21"]
[EventDate "2009.11.15"]
[EventType "team-tourn"]
[EventRounds "11"]
[EventCountry "CZE"]
[SourceTitle "EXT 2011"]
[Source "ChessBase"]
[SourceDate "2010.11.26"]
[SourceVersion "1"]
[SourceVersionDate "2010.11.26"]
[SourceQuality "1"]
[WhiteTeam "Vysoke Myto"]
[BlackTeam "Litovel II"]
[WhiteTeamCountry "CZE"]
[BlackTeamCountry "CZE"]

1. Nf3 c5 2. c4 Nf6 3. g3 Nc6 4. Bg2 d5 5. 0-0 e5 6. cxd5 Nxd5 7. Nc3 Nc7 8. a3 Bd7 9. d3 Be7 10. Nd2 b5 11. b3 1/2-1/2

[Event "CZE-chT1E 0910"]
[Site "Czech Republic"]
[Date "2009.12.13"]
[Round "5.5"]
[White "Olsar, Jaroslav"]
[Black "Reznicek, Jan"]
[Result "1-0"]
[WhiteElo "2270"]
[BlackElo "2198"]
[PlyCount "107"]
[EventDate "2009.11.15"]
[EventType "team-tourn"]
[EventRounds "11"]
[EventCountry "CZE"]
[SourceTitle "EXT 2011"]
[Source "ChessBase"]
[SourceDate "2010.11.26"]
[SourceVersion "1"]
[SourceVersionDate "2010.11.26"]
[SourceQuality "1"]
[WhiteTeam "Karvina"]
[BlackTeam "Vysoke Myto"]
[WhiteTeamCountry "CZE"]
[BlackTeamCountry "CZE"]

1. e4 d5 2. exd5 Nf6 3. Nf3 Nxd5 4. d4 Bg4 5. h3 Bh5 6. c4 Nf6 7. Nc3 e6 8. g4 Bg6 9. Ne5 Nbd7 10. Nxg6 hxg6 11. Bg2 c6 12. Be3 Qc7 13. Qc2 Bd6 14. 0-0-0 Bf4 15. g5 Nh5 16. d5 exd5 17. cxd5 Bxe3+ 18. fxe3 Rc8 19. dxc6 bxc6 20. Ne4 0-0 21. Nd6 Rcd8 22. Qxc6 Qxc6+ 23. Bxc6 Ne5 24. Bg2 Ng3 25. Rhe1 Rd7 26. Rd5 f6 27. Red1 Re7 28. Kb1 fxg5 29. Rc5 Rd8 30. Rdd5 Kh7 31. Nc8 Rxd5 32. Rxd5 Rc7 33. Nxa7 Nc4 34. Nb5 Re7 35. e4 Ne5 36. Nc3 Nh5 37. Rd2 Nf4 38. Nd5 Rf7 39. Ne3 Rc7 40. b3 Kh6 41. Nd5 Rf7 42. a4 Kh5 43. a5 Kh4 44. Nxf4 gxf4 45. Bf1 g5 46. b4 Nc6 47. Rb2 Rb7 48. a6 Rb6 49. b5 Na7 50. e5 g4 51. hxg4 Kg5 52. Kc2 f3 53. Kc3 Kf4 54. Kd4 1-0

[Event "CZE-chT1E 0910"]
[Site "Czech Republic"]
[Date "2009.11.15"]
[Round "1.4"]
[White "Karasek, Lukas"]
[Black "Reznicek, Jan"]
[Result "1/2-1/2"]
[WhiteElo "2194"]
[BlackElo "2198"]
[PlyCount "85"]
[EventDate "2009.11.15"]
[EventType "team-tourn"]
[EventRounds "11"]
[EventCountry "CZE"]
[SourceTitle "EXT 2011"]
[Source "ChessBase"]
[SourceDate "2010.11.26"]
[SourceVersion "1"]
[SourceVersionDate "2010.11.26"]
[SourceQuality "1"]
[WhiteTeam "Jihlava"]
[BlackTeam "Vysoke Myto"]
[WhiteTeamCountry "CZE"]
[BlackTeamCountry "CZE"]

1. d4 c5 2. d5 Nf6 3. c4 g6 4. Nc3 d6 5. e4 Bg7 6. Nf3 0-0 7. Be2 Na6 8. 0-0 Nc7 9. Re1 e6 10. Bf4 e5 11. Bg5 h6 12. Bh4 Qe8 13. Nd2 a6 14. a3 Nd7 15. Rb1 Bf6 16. Bxf6 Nxf6 17. b4 Nd7 18. Nb3 b6 19. Qd2 Kg7 20. Bd3 Qd8 21. Re3 Ne8 22. Rf1 Nef6 23. g3 Qe7 24. Be2 Nh7 25. bxc5 Nxc5 26. Nxc5 bxc5 27. f4 Nf6 28. f5 Rb8 29. Ref3 Qd8 30. g4 g5 31. h4 Rh8 32. hxg5 hxg5 33. Qxg5+ Kf8 34. Rg3 Rb3 35. Rb1 Rxb1+ 36. Nxb1 Ke7 37. Qe3 Qb6 38. Nd2 Qb2 39. Qc3 Qxc3 40. Rxc3 Rg8 41. Rg3 Nh5 42. Rb3 Nf6 43. Rg3 1/2-1/2

[Event "CZE-chT1E 0910"]
[Site "Czech Republic"]
[Date "2009.10.11"]
[Round "3.5"]
[White "Sikora, Jan"]
[Black "Reznicek, Jan"]
[Result "1/2-1/2"]
[WhiteElo "2249"]
[BlackElo "2198"]
[PlyCount "37"]
[EventDate "2009.11.15"]
[EventType "team-tourn"]
[EventRounds "11"]
[EventCountry "CZE"]
[SourceTitle "EXT 2011"]
[Source "ChessBase"]
[SourceDate "2010.11.26"]
[SourceVersion "1"]
[SourceVersionDate "2010.11.26"]
[SourceQuality "1"]
[WhiteTeam "Trinec"]
[BlackTeam "Vysoke Myto"]
[WhiteTeamCountry "CZE"]
[BlackTeamCountry "CZE"]

1. e4 g6 2. d4 Bg7 3. Nc3 d6 4. f4 c6 5. Nf3 Bg4 6. Be2 Qb6 7. e5 Nh6 8. h3 Bxf3 9. Bxf3 Nf5 10. Ne2 Nh4 11. Qd3 Na6 12. exd6 Qb4+ 13. c3 Qxd6 14. 0-0 f5 15. b4 Nc7 16. a4 Nxf3+ 17. Rxf3 b5 18. axb5 cxb5 19. Ra5 1/2-1/2

[Event "CZE-chT1W 0809"]
[Site "Czech Republic"]
[Date "2009.02.15"]
[Round "8.8"]
[White "Doring, Robert"]
[Black "Reznicek, Jan"]
[Result "1-0"]
[WhiteElo "2207"]
[BlackElo "2239"]
[PlyCount "109"]
[EventDate "2008.10.19"]
[EventType "team-tourn"]
[EventRounds "11"]
[EventCountry "CZE"]
[SourceTitle "EXT 2010"]
[Source "ChessBase"]
[SourceDate "2010.11.25"]
[SourceVersion "1"]
[SourceVersionDate "2010.11.25"]
[SourceQuality "1"]
[WhiteTeam "Hradec Kralove"]
[BlackTeam "Chrudim"]
[WhiteTeamCountry "CZE"]
[BlackTeamCountry "CZE"]

1. e4 e6 2. c4 d5 3. exd5 exd5 4. cxd5 Nf6 5. Bb5+ Bd7 6. Qb3 Qe7+ 7. Ne2 Qb4 8. Nbc3 Bd6 9. Qxb4 Bxb4 10. Bc4 0-0 11. 0-0 a6 12. a3 Bd6 13. d4 h6 14. Bf4 Bf5 15. Be5 Nbd7 16. Ng3 Bh7 17. Rfe1 Rfd8 18. Bb3 Kf8 19. f4 Ne8 20. Nge4 Rab8 21. Rac1 Ra8 22. Bc2 Bg8 23. Na4 f6 24. Bxd6+ Nxd6 25. Nxd6 cxd6 26. Bf5 b5 27. Bxd7 bxa4 28. Bc6 Rab8 29. Re2 Rdc8 30. Rc4 Bf7 31. Rxa4 Bh5 32. Rd2 Rb6 33. Rc4 Bg6 34. b4 Be4 35. Kf2 Rc7 36. a4 Rb8 37. b5 a5 38. Rb2 Rb6 39. g4 f5 40. gxf5 Bxf5 41. Rc3 Re7 42. Re3 Rxe3 43. Kxe3 Ke7 44. h4 Kf6 45. Kf3 Kf7 46. h5 Kf8 47. Re2 Rb8 48. Re6 Bc2 49. Rxd6 Bxa4 50. Rd7 Bd1+ 51. Ke4 Re8+ 52. Kd3 Bxh5 53. b6 Be2+ 54. Kd2 Ba6 55. Ra7 1-0

[Event "CZE-chT2D 0809"]
[Site "Czech Republic"]
[Date "2008.12.21"]
[Round "5.3"]
[White "Skacelik, Petr"]
[Black "Reznicek, Jan"]
[Result "1/2-1/2"]
[WhiteElo "2214"]
[BlackElo "2239"]
[PlyCount "146"]
[EventDate "2008.10.12"]
[EventType "team-tourn"]
[EventRounds "11"]
[EventCountry "CZE"]
[SourceTitle "EXT 2010"]
[Source "ChessBase"]
[SourceDate "2010.11.25"]
[SourceVersion "1"]
[SourceVersionDate "2010.11.25"]
[SourceQuality "1"]

1. d4 d5 2. c4 dxc4 3. e4 Nf6 4. e5 Nd5 5. Bxc4 Nb6 6. Bd3 Nc6 7. Ne2 Bg4 8. f3 Be6 9. Nbc3 Bc4 10. Bxc4 Nxc4 11. e6 fxe6 12. 0-0 Nb6 13. Be3 g6 14. Bf2 Bh6 15. Qb3 Qd7 16. Ne4 Qd5 17. Nc5 Qxb3 18. axb3 Nd8 19. Bg3 Nd5 20. Be5 0-0 21. Nc3 c6 22. Nxd5 exd5 23. Rfe1 Re8 24. f4 b6 25. Nd3 Ne6 26. g3 Rec8 27. b4 a5 28. bxa5 Rxa5 29. Rac1 Raa8 30. Nb4 Nd8 31. Rc2 Kf7 32. Rec1 Ke6 33. Nxc6 Nxc6 34. Rxc6+ Kd7 35. Rc7+ Kd8 36. R1c3 Bf8 37. Kg2 Rxc7 38. Bxc7+ Kd7 39. Bxb6 Rb8 40. Bc5 Rxb2+ 41. Kh3 Bg7 42. Ra3 Rb7 43. g4 Ke6 44. Re3+ Kf7 45. g5 h6 46. Kh4 hxg5+ 47. fxg5 e5 48. dxe5 Ke6 49. Bd6 d4 50. Re1 Rb5 51. Rd1 Bxe5 52. Bxe5 Kxe5 53. Kg4 Rb4 54. Re1+ Kd5 55. Re8 d3+ 56. Kf3 Rh4 57. Ke3 Rh3+ 58. Kd2 Kd4 59. Rd8+ Ke5 60. Re8+ Kf4 61. Rd8 Kxg5 62. Rxd3 Rxh2+ 63. Ke1 Kf4 64. Kf1 g5 65. Kg1 Re2 66. Rd4+ Kf3 67. Rd3+ Kg4 68. Rd4+ Kh3 69. Rd3+ Kh4 70. Rb3 g4 71. Rc3 Kg5 72. Rc4 Kh4 73. Rc3 g3 1/2-1/2

[Event "CZE-chT1W 0708"]
[Site "Czech Republic"]
[Date "2008.01.06"]
[Round "5.3"]
[White "Cesal, Jaroslav"]
[Black "Reznicek, Jan"]
[Result "0-1"]
[WhiteElo "2244"]
[BlackElo "2243"]
[PlyCount "134"]
[EventDate "2007.10.28"]
[EventType "team"]
[EventRounds "11"]
[EventCountry "CZE"]
[SourceTitle "EXT 2009"]
[Source "ChessBase"]
[SourceDate "2008.11.26"]
[SourceVersion "1"]
[SourceVersionDate "2008.11.26"]
[SourceQuality "1"]
[WhiteTeam "Plzen II"]
[BlackTeam "Zajecice"]
[WhiteTeamCountry "CZE"]
[BlackTeamCountry "CZE"]

1. Nf3 Nf6 2. d4 d6 3. g3 Nbd7 4. Bg2 e5 5. dxe5 dxe5 6. 0-0 c6 7. Nbd2 Be7 8. b3 e4 9. Ng5 e3 10. fxe3 0-0 11. Nc4 h6 12. Nf3 Nb6 13. Nce5 Qc7 14. c4 Bf5 15. Bb2 Rad8 16. Qc1 Bh7 17. Nh4 Qc8 18. Qc3 Qe6 19. Nef3 Ne8 20. Nd4 Qc8 21. Ndf5 Bxh4 22. Nxh4 f6 23. e4 Nd7 24. Bh3 Qc7 25. Ba3 c5 26. Be6+ Kh8 27. Qe3 b6 28. Rad1 Ne5 29. Bb2 Rxd1 30. Rxd1 Nd6 31. Bd5 Re8 32. Rf1 Qe7 33. Nf5 Nxf5 34. exf5 Qd7 35. Qf4 Bg8 36. Rd1 Qc8 37. e4 Qd8 38. Kg2 Qe7 39. h3 Rd8 40. g4 Bf7 41. h4 Bxd5 42. cxd5 Nf7 43. Bc3 Kg8 44. Re1 Re8 45. Qg3 Qd7 46. Bd2 Nd6 47. Qd3 Nf7 48. Bf4 Ne5 49. Qg3 Nf7 50. g5 hxg5 51. hxg5 fxg5 52. Bxg5 Nd6 53. Kf3 Nxf5 54. exf5 Qxf5+ 55. Bf4 Qxd5+ 56. Kg4 Rxe1 57. Qxe1 Qg2+ 58. Kf5 Qxa2 59. Qe8+ Kh7 60. Qg6+ Kg8 61. Qe8+ Kh7 62. Qg6+ Kg8 63. Qg3 Qc2+ 64. Ke5 c4 65. bxc4 Qxc4 66. Qg6 Qc7+ 67. Ke4 Qc2+ 0-1

[Event "CZE-chT2c 0607"]
[Site "Czech Republic"]
[Date "2006.11.19"]
[Round "3.4"]
[White "Joukl, Zdenek"]
[Black "Reznicek, Jan"]
[Result "1/2-1/2"]
[WhiteElo "2132"]
[BlackElo "2274"]
[PlyCount "31"]
[EventDate "2006.10.15"]
[EventType "team"]
[EventRounds "11"]
[EventCountry "CZE"]
[SourceTitle "EXT 2008"]
[Source "ChessBase"]
[SourceDate "2007.11.25"]
[SourceVersion "1"]
[SourceVersionDate "2007.11.25"]
[SourceQuality "1"]
[WhiteTeam "Mlada Boleslav"]
[BlackTeam "Polabiny II"]
[WhiteTeamCountry "CZE"]
[BlackTeamCountry "CZE"]

1. c4 g6 2. Nc3 Bg7 3. g3 c5 4. Bg2 Nc6 5. e4 e6 6. Nge2 Nge7 7. 0-0 0-0 8. Rb1 b6 9. a3 Bb7 10. d3 d6 11. Be3 Nd4 12. b4 Qd7 13. Qd2 Nec6 14. Bh6 Rab8 15. Bxg7 Kxg7 16. f4 1/2-1/2

[Event "CZE-chT2c 0607"]
[Site "Czech Republic"]
[Date "2006.10.15"]
[Round "1.5"]
[White "Reznicek, Jan"]
[Black "Pirklova, Hana"]
[Result "0-1"]
[WhiteElo "2274"]
[BlackElo "2132"]
[PlyCount "82"]
[EventDate "2006.10.15"]
[EventType "team"]
[EventRounds "11"]
[EventCountry "CZE"]
[SourceTitle "EXT 2008"]
[Source "ChessBase"]
[SourceDate "2007.11.25"]
[SourceVersion "1"]
[SourceVersionDate "2007.11.25"]
[SourceQuality "1"]
[WhiteTeam "Polabiny II"]
[BlackTeam "Rychnov nad Kneznou"]
[WhiteTeamCountry "CZE"]
[BlackTeamCountry "CZE"]

1. d4 Nf6 2. Nf3 g6 3. c4 Bg7 4. Nc3 0-0 5. e4 d6 6. Be2 e5 7. 0-0 Nc6 8. d5 Ne7 9. b4 Ne8 10. c5 f5 11. Nd2 Nf6 12. f3 f4 13. Nc4 Rf7 14. Bd2 g5 15. Be1 Bf8 16. Bf2 Ng6 17. Rc1 h5 18. Qc2 g4 19. cxd6 cxd6 20. Na5 g3 21. hxg3 fxg3 22. Bxg3 h4 23. Bf2 Nh5 24. Rfe1 Qg5 25. Bf1 Ngf4 26. Nc4 Rg7 27. Ne3 Nxg2 28. Nxg2 h3 29. Be3 Qh4 30. Bf2 Qg5 31. Be3 Qh4 32. Bf2 Qf6 33. Be3 hxg2 34. Bxg2 Bh3 35. Re2 Ng3 36. Rf2 Qh4 37. f4 Bxg2 38. Rxg2 exf4 39. Bd4 f3 40. Rh2 Ne2+ 41. Kh1 Qxh2+ 0-1

[Event "Chrudim op"]
[Site "Chrudim"]
[Date "2003.07.11"]
[Round "7"]
[White "Stehno, Pavel"]
[Black "Reznicek, Jan"]
[Result "1/2-1/2"]
[WhiteElo "2327"]
[BlackElo "2207"]
[PlyCount "102"]
[EventDate "2003.07.??"]
[EventType "swiss"]
[EventRounds "9"]
[EventCountry "CZE"]
[SourceTitle "EXT 2006"]
[Source "ChessBase"]
[SourceDate "2005.11.24"]
[SourceVersion "1"]
[SourceVersionDate "2005.11.24"]
[SourceQuality "1"]

1. a3 d5 2. Nf3 Nf6 3. g3 g6 4. Bg2 Bg7 5. 0-0 0-0 6. d3 c6 7. Nbd2 Nbd7 8. c4 a5 9. cxd5 Nxd5 10. Qc2 Ne5 11. Nxe5 Bxe5 12. Rb1 Bg7 13. Nf3 Nc7 14. Bd2 Nb5 15. a4 Nd4 16. Nxd4 Bxd4 17. Bc3 Qd6 18. e3 Bxc3 19. bxc3 Rd8 20. Rfd1 Bg4 21. Rd2 Rd7 22. c4 e5 23. c5 Qe7 24. Qc3 Rc7 25. h3 Bd7 26. Kh2 h5 27. h4 Bf5 28. Rbd1 Kh7 29. d4 e4 30. d5 cxd5 31. Rxd5 Rac8 32. Qxa5 Rxc5 33. Rxc5 Qxc5 34. Qxc5 Rxc5 35. Rd4 Rc2 36. g4 Bxg4 37. Kg3 Bf5 38. Rb4 Rc7 39. Kf4 Kg7 40. Bxe4 Bxe4 41. Kxe4 Kf6 42. Rb6+ Ke7 43. Kd5 f6 44. f4 Rd7+ 45. Ke4 Rc7 46. a5 Rd7 47. f5 Kf7 48. Kf4 gxf5 49. Rb5 Kg6 50. Rxf5 Rd1 51. Rb5 Rh1 1/2-1/2

[Event "CZE-chT2V 0203"]
[Site "Czech Republic"]
[Date "2003.??.??"]
[Round "2"]
[White "Voracek, Miroslav"]
[Black "Reznicek, Jan"]
[Result "1/2-1/2"]
[WhiteElo "2178"]
[BlackElo "2190"]
[PlyCount "32"]
[EventDate "2002.10.??"]
[EventType "team"]
[EventRounds "11"]
[EventCountry "CZE"]
[SourceTitle "EXT 2007"]
[Source "ChessBase"]
[SourceDate "2006.11.23"]
[SourceVersion "1"]
[SourceVersionDate "2006.11.23"]
[SourceQuality "1"]
[WhiteTeam "Ricany"]
[BlackTeam "Chrudim"]
[WhiteTeamCountry "CZE"]
[BlackTeamCountry "CZE"]

1. e4 e6 2. d4 d5 3. Nc3 Bb4 4. Bd2 dxe4 5. Qg4 Qxd4 6. 0-0-0 h5 7. Qg3 Bd6 8. Bf4 h4 9. Rxd4 hxg3 10. Bxd6 cxd6 11. Nxe4 Nc6 12. Rxd6 Rxh2 13. Nxg3 Rxh1 14. Nxh1 Nf6 15. Rd1 Bd7 16. Nf3 Ke7 1/2-1/2

[Event "CZE-chTV 0102"]
[Site "Czech Republic"]
[Date "2002.??.??"]
[Round "7"]
[White "Reznicek, Jan"]
[Black "Lorenc, Tomas"]
[Result "1/2-1/2"]
[WhiteElo "2184"]
[BlackElo "2177"]
[PlyCount "23"]
[EventDate "2001.??.??"]
[EventType "team"]
[EventRounds "11"]
[EventCountry "CZE"]
[SourceTitle "EXT 2003"]
[Source "ChessBase"]
[SourceDate "2002.11.25"]
[SourceVersion "1"]
[SourceVersionDate "2002.11.25"]
[SourceQuality "1"]
[WhiteTeam "Chrudim"]
[BlackTeam "Polabiny"]
[WhiteTeamCountry "CZE"]
[BlackTeamCountry "CZE"]

1. d4 Nf6 2. Nf3 g6 3. Bg5 Bg7 4. Nbd2 d5 5. e3 0-0 6. c4 c5 7. Be2 cxd4 8. Nxd4 Nc6 9. 0-0 Nxd4 10. exd4 dxc4 11. Nxc4 Be6 12. Be3 1/2-1/2

[Event "CZE-chTV 0102"]
[Site "Czech Republic"]
[Date "2002.??.??"]
[Round "7"]
[White "Reznicek, Jan"]
[Black "Pokorny, Milan"]
[Result "1-0"]
[WhiteElo "2184"]
[BlackElo "2050"]
[PlyCount "101"]
[EventDate "2001.??.??"]
[EventType "team"]
[EventRounds "11"]
[EventCountry "CZE"]
[SourceTitle "EXT 2003"]
[Source "ChessBase"]
[SourceDate "2002.11.25"]
[SourceVersion "1"]
[SourceVersionDate "2002.11.25"]
[SourceQuality "1"]
[WhiteTeam "Chrudim"]
[BlackTeam "Bohemians II"]
[WhiteTeamCountry "CZE"]
[BlackTeamCountry "CZE"]

1. Nf3 d5 2. d4 Nf6 3. c4 e6 4. g3 Be7 5. Bg2 0-0 6. 0-0 dxc4 7. Qc2 Nbd7 8. Nbd2 c5 9. dxc5 Nxc5 10. Nxc4 Bd7 11. Bf4 Rc8 12. Rac1 Nd5 13. Bd2 Na6 14. Qb1 Bb5 15. b3 Bf6 16. Rfd1 Qe8 17. Nd6 Rxc1 18. Rxc1 Qd7 19. Nxb5 Qxb5 20. e4 Nb6 21. Bf1 Qd7 22. Be3 Rc8 23. Rxc8+ Nxc8 24. Bxa6 bxa6 25. Qc2 h6 26. Nd2 Be7 27. Nc4 Qb7 28. Qd3 Nb6 29. Kf1 Bf8 30. Ke2 Nxc4 31. Qxc4 a5 32. f3 a6 33. Bd4 Bb4 34. Ke3 Qd7 35. Qd3 Qb7 36. Ke2 Qc6 37. Qc4 Qb7 38. Be3 Bf8 39. Bd4 Qb5 40. Qxb5 axb5 41. a4 bxa4 42. bxa4 Bd6 43. Bb6 Bb4 44. Kd3 Kf8 45. Kc4 Ke8 46. Kb5 Kd7 47. Bxa5 Bd6 48. Bb4 Be5 49. f4 Bb2 50. Bc5 Kc7 51. a5 1-0